[Event "MP do lat 16 - dziewczeta"]
[Site "Sypniewo"]
[Date "2022.03.25"]
[Round "7.12"]
[White "Nowak, Zuzanna"]
[Black "Trybus, Dominika"]
[Result "0-1"]
[BlackElo "1534"]
[WhiteElo "1379"]
[LiveChessVersion "1.4.8"]

1. e4 {[%clk 1:30:59]} Nf6 {[%clk 1:30:56]} 2. Nc3 {[%clk 1:31:07]} d5
{[%clk 1:31:20]} 3. exd5 {[%clk 1:31:12]} Nbd7 {[%clk 1:30:10]} 4. Bc4
{[%clk 1:25:51]} Nb6 {[%clk 1:28:26]} 5. d3 {[%clk 1:25:14]} Nbxd5
{[%clk 1:23:43]} 6. Nxd5 {[%clk 1:24:47]} Nxd5 {[%clk 1:24:05]} 7. Qf3
{[%clk 1:25:07]} c6 {[%clk 1:22:19]} 8. Ne2 {[%clk 1:22:04]} g6 {[%clk 1:20:24]}
9. Nc3 {[%clk 1:20:27]} Be6 {[%clk 1:18:00]} 10. Bd2 {[%clk 1:14:52]} Bg7
{[%clk 1:18:09]} 11. h4 {[%clk 1:14:53]} h5 {[%clk 1:18:17]} 12. Bb3
{[%clk 1:10:05]} Bg4 {[%clk 1:07:21]} 13. Qg3 {[%clk 1:06:56]} Qd7
{[%clk 1:02:51]} 14. f3 {[%clk 1:04:57]} Qe6+ {[%clk 0:57:49]} 15. Ne2
{[%clk 0:56:59]} Bf5 {[%clk 0:46:43]} 16. O-O-O {[%clk 0:56:47]} Qd7
{[%clk 0:44:58]} 17. Rhe1 {[%clk 0:50:08]} O-O {[%clk 0:41:28]} 18. Nf4
{[%clk 0:49:14]} Qc7 {[%clk 0:37:36]} 19. Qg5 {[%clk 0:38:39]} Bf6
{[%clk 0:30:54]} 20. Nxd5 {[%clk 0:38:35]} cxd5 {[%clk 0:30:45]} 21. Qf4
{[%clk 0:38:16]} e5 {[%clk 0:29:22]} 22. Qe3 {[%clk 0:37:10]} d4 {[%clk 0:27:10]}
23. Qe2 {[%clk 0:36:38]} Rac8 {[%clk 0:25:12]} 24. Bh6 {[%clk 0:35:16]} Rfe8
{[%clk 0:22:53]} 25. g4 {[%clk 0:35:19]} Be6 {[%clk 0:20:47]} 26. Kb1
{[%clk 0:31:41]} Bxb3 {[%clk 0:19:48]} 27. cxb3 {[%clk 0:31:16]} Bxh4
{[%clk 0:18:47]} 28. Rh1 {[%clk 0:31:05]} g5 {[%clk 0:18:57]} 29. Rdg1
{[%clk 0:20:54]} Re6 {[%clk 0:13:51]} 30. gxh5 {[%clk 0:20:18]} Rxh6
{[%clk 0:13:43]} 31. Rxh4 {[%clk 0:20:38]} f6 {[%clk 0:13:48]} 32. Qf2
{[%clk 0:13:48]} Qh7 {[%clk 0:13:34]} 33. Qd2 {[%clk 0:11:29]} Rxh5
{[%clk 0:12:56]} 34. Rxh5 {[%clk 0:11:55]} Qxh5 {[%clk 0:13:17]} 35. f4
{[%clk 0:10:35]} exf4 {[%clk 0:08:32]} 36. Qxf4 {[%clk 0:11:03]} Qd1+
{[%clk 0:05:22]} 37. Rxd1 {[%clk 0:11:10]} gxf4 {[%clk 0:05:47]} 38. Rf1
{[%clk 0:11:39]} Kf7 {[%clk 0:06:04]} 39. Rxf4 {[%clk 0:12:00]} Rd8
{[%clk 0:06:15]} 40. Kc2 {[%clk 0:41:55]} Rd7 {[%clk 0:35:33]} 41. b4
{[%clk 0:40:31]} Kg6 {[%clk 0:30:04]} 42. Kb3 {[%clk 0:36:40]} Kg5
{[%clk 0:30:19]} 43. Re4 {[%clk 0:36:59]} f5 {[%clk 0:30:18]} 44. Re8
{[%clk 0:34:26]} Kg4 {[%clk 0:28:42]} 45. Rg8+ {[%clk 0:33:49]} Kf3
{[%clk 0:28:48]} 46. Kc4 {[%clk 0:34:13]} f4 {[%clk 0:27:40]} 47. a4 Kf2
{[%clk 0:27:39]} 48. Rf8 {[%clk 0:32:44]} f3 {[%clk 0:27:59]} 49. a5
{[%clk 0:32:37]} Ke2 {[%clk 0:25:02]} 50. Re8+ {[%clk 0:32:54]} Kf1
{[%clk 0:25:13]} 51. Rf8 {[%clk 0:33:11]} f2 {[%clk 0:25:37]} 52. b5
{[%clk 0:32:26]} Rg7 {[%clk 0:25:17]} 53. Kxd4 {[%clk 0:31:49]} Kg2
{[%clk 0:25:36]} 54. Kc5 {[%clk 0:30:52]} f1=Q {[%clk 0:25:44]} 55. Rxf1
{[%clk 0:31:18]} Kxf1 {[%clk 0:26:02]} 56. d4 {[%clk 0:31:46]} Ke2
{[%clk 0:21:22]} 57. a6 {[%clk 0:26:31]} Kd3 {[%clk 0:17:57]} 58. d5
{[%clk 0:25:55]} Ke4 {[%clk 0:16:03]} 59. Kd6 {[%clk 0:18:17]} bxa6
{[%clk 0:11:38]} 60. bxa6 {[%clk 0:18:39]} Rg6+ {[%clk 0:11:53]} 61. Kc7
{[%clk 0:13:34]} Kxd5 {[%clk 0:12:11]} 62. Kb7 {[%clk 0:13:40]} Rg7+
{[%clk 0:12:34]} 63. Kb8 {[%clk 0:14:01]} Kc6 {[%clk 0:12:47]} 0-1

[Event "MP do lat 16 - dziewczeta"]
[Site "Sypniewo"]
[Date "2022.03.25"]
[Round "7.13"]
[White "Pietrzak, Emilia"]
[Black "Bialek, Alicja"]
[Result "0-1"]
[BlackElo "1383"]
[WhiteElo "1474"]
[LiveChessVersion "1.4.8"]

1. d4 {[%clk 1:30:59]} c5 {[%clk 1:30:59]} 2. d5 {[%clk 1:30:32]} Nf6
{[%clk 1:31:24]} 3. c4 {[%clk 1:30:39]} d6 {[%clk 1:31:15]} 4. Nf3
{[%clk 1:30:46]} g6 {[%clk 1:31:36]} 5. g3 {[%clk 1:30:59]} Bg7 {[%clk 1:31:19]}
6. Bg2 {[%clk 1:31:15]} O-O {[%clk 1:31:37]} 7. O-O {[%clk 1:31:21]} e6
{[%clk 1:30:05]} 8. Nc3 {[%clk 1:30:18]} exd5 {[%clk 1:30:04]} 9. Nxd5
{[%clk 1:24:35]} Nxd5 {[%clk 1:22:12]} 10. Qxd5 {[%clk 1:21:45]} Nc6
{[%clk 1:21:42]} 11. Rd1 {[%clk 1:19:34]} Be6 {[%clk 1:21:05]} 12. Qxd6
{[%clk 1:16:47]} Bxc4 {[%clk 1:14:00]} 13. Be3 {[%clk 1:11:02]} Bxb2
{[%clk 0:59:08]} 14. Rab1 {[%clk 1:08:15]} Bd4 {[%clk 0:58:15]} 15. Qf4
{[%clk 1:02:59]} Bxa2 {[%clk 0:52:37]} 16. Ra1 {[%clk 0:51:16]} Bb3
{[%clk 0:43:56]} 17. Rd2 {[%clk 0:38:27]} Bxe3 {[%clk 0:40:46]} 18. Qxe3
{[%clk 0:38:36]} Qf6 {[%clk 0:40:27]} 19. Rc1 {[%clk 0:33:31]} c4
{[%clk 0:39:53]} 20. Rd7 {[%clk 0:32:56]} Rae8 {[%clk 0:37:07]} 21. Qd2
{[%clk 0:32:02]} Rd8 {[%clk 0:33:13]} 22. e3 {[%clk 0:29:54]} c3 {[%clk 0:27:38]}
23. Qxc3 {[%clk 0:22:33]} Qxc3 {[%clk 0:27:29]} 24. Rxc3 {[%clk 0:23:02]} Rxd7
{[%clk 0:27:45]} 25. Rxb3 {[%clk 0:23:31]} a5 {[%clk 0:25:05]} 26. Bf1
{[%clk 0:22:53]} Na7 {[%clk 0:15:38]} 27. Nd4 {[%clk 0:21:31]} Rb8
{[%clk 0:13:30]} 28. Rb6 {[%clk 0:16:50]} Nc8 {[%clk 0:09:18]} 29. Rb5
{[%clk 0:16:20]} b6 {[%clk 0:08:19]} 30. h4 {[%clk 0:12:42]} Na7 {[%clk 0:07:23]}
31. Rb2 {[%clk 0:11:27]} b5 {[%clk 0:05:52]} 32. Nb3 {[%clk 0:10:19]} a4
{[%clk 0:02:54]} 33. Nc5 {[%clk 0:10:08]} Rdd8 {[%clk 0:03:15]} 34. Na6
{[%clk 0:09:52]} Rb6 {[%clk 0:03:10]} 35. Nb4 {[%clk 0:09:48]} Nc8
{[%clk 0:01:54]} 36. Bg2 {[%clk 0:08:48]} Nd6 {[%clk 0:01:37]} 37. Rd2
{[%clk 0:07:59]} Nb7 {[%clk 0:01:25]} 38. Rc2 {[%clk 0:08:02]} Na5
{[%clk 0:01:26]} 39. Nd5 {[%clk 0:07:18]} Rbb8 {[%clk 0:01:17]} 40. Nb4
{[%clk 0:36:15]} Rbc8 {[%clk 0:31:16]} 41. Ra2 {[%clk 0:35:55]} Rc4
{[%clk 0:28:55]} 42. Nd5 {[%clk 0:35:58]} b4 {[%clk 0:22:08]} 43. Rxa4
{[%clk 0:34:18]} b3 {[%clk 0:22:27]} 44. Rxa5 {[%clk 0:32:58]} b2
{[%clk 0:22:40]} 45. Rb5 {[%clk 0:33:17]} Rc1+ {[%clk 0:22:57]} 46. Kh2
{[%clk 0:33:38]} b1=Q {[%clk 0:23:17]} 47. Rxb1 {[%clk 0:34:06]} Rxb1
{[%clk 0:23:37]} 48. g4 {[%clk 0:33:53]} Rb2 {[%clk 0:21:34]} 49. Kg3
{[%clk 0:33:43]} Kg7 {[%clk 0:21:38]} 50. g5 {[%clk 0:30:09]} Rc8
{[%clk 0:20:42]} 51. Be4 {[%clk 0:28:06]} Rc1 {[%clk 0:17:14]} 52. Nf6
{[%clk 0:27:06]} h6 {[%clk 0:11:49]} 53. Ne8+ {[%clk 0:25:11]} Kh8
{[%clk 0:10:46]} 54. gxh6 {[%clk 0:24:48]} f5 {[%clk 0:10:22]} 55. Bd5
{[%clk 0:19:09]} Rf1 {[%clk 0:02:37]} 56. f3 {[%clk 0:17:38]} Rg1+
{[%clk 0:01:27]} 57. Kf4 {[%clk 0:17:54]} Rb4+ {[%clk 0:01:24]} 58. e4
{[%clk 0:17:22]} Kh7 {[%clk 0:00:57]} 59. Ke5 {[%clk 0:17:12]} Re1
{[%clk 0:01:00]} 60. Kf6 {[%clk 0:16:22]} fxe4 {[%clk 0:00:59]} 61. Bxe4
{[%clk 0:16:11]} Rexe4 {[%clk 0:01:15]} 62. fxe4 {[%clk 0:16:35]} Rxe4
{[%clk 0:01:42]} 63. Nd6 {[%clk 0:13:08]} Rxh4 {[%clk 0:01:54]} 64. Kg5
{[%clk 0:12:17]} Rxh6 {[%clk 0:01:37]} 65. Ne4 {[%clk 0:12:21]} Rh5+
{[%clk 0:01:42]} 66. Kg4 {[%clk 0:12:23]} Rf5 {[%clk 0:01:51]} 67. Ng5+
{[%clk 0:12:07]} Kh6 {[%clk 0:01:59]} 68. Ne4 {[%clk 0:11:13]} Rb5
{[%clk 0:01:30]} 69. Ng3 {[%clk 0:10:57]} Rb4+ {[%clk 0:01:42]} 70. Kh3
{[%clk 0:11:02]} g5 {[%clk 0:01:18]} 71. Nf5+ {[%clk 0:11:00]} Kg6
{[%clk 0:01:37]} 72. Ng3 {[%clk 0:11:22]} Rf4 {[%clk 0:01:29]} 73. Kg2
{[%clk 0:11:29]} g4 {[%clk 0:01:41]} 74. Ne2 {[%clk 0:11:38]} Rf3
{[%clk 0:01:54]} 75. Ng3 {[%clk 0:11:47]} Kg5 {[%clk 0:02:04]} 76. Ne2
{[%clk 0:11:46]} Kh4 {[%clk 0:02:13]} 77. Ng1 {[%clk 0:11:38]} Rg3+
{[%clk 0:01:56]} 78. Kh1 {[%clk 0:11:38]} Rxg1+ {[%clk 0:02:06]} 0-1

[Event "MP do lat 16 - dziewczeta"]
[Site "Sypniewo"]
[Date "2022.03.25"]
[Round "7.14"]
[White "Grzesik, Nikola"]
[Black "Pastuszko, Katarzyna"]
[Result "1-0"]
[BlackElo "1422"]
[WhiteElo "1374"]
[LiveChessVersion "1.4.8"]

1. e4 {[%clk 1:30:58]} e5 {[%clk 1:30:49]} 2. Nf3 {[%clk 1:31:23]} Nc6
{[%clk 1:31:10]} 3. d4 {[%clk 1:31:48]} exd4 {[%clk 1:31:31]} 4. Nxd4
{[%clk 1:32:12]} Bc5 {[%clk 1:31:34]} 5. Nb3 {[%clk 1:32:37]} Bb6
{[%clk 1:31:46]} 6. Nc3 {[%clk 1:32:55]} Nf6 {[%clk 1:30:58]} 7. Qe2
{[%clk 1:31:56]} d6 {[%clk 1:27:55]} 8. Bg5 {[%clk 1:30:29]} Nd4 {[%clk 1:19:03]}
9. Qd2 {[%clk 1:29:13]} Nxb3 {[%clk 1:16:53]} 10. axb3 {[%clk 1:29:34]} h6 11.
Be3 {[%clk 1:25:14]} Bxe3 {[%clk 1:08:47]} 12. Qxe3 {[%clk 1:25:24]} O-O
{[%clk 1:05:57]} 13. O-O-O {[%clk 1:21:12]} a5 {[%clk 1:02:42]} 14. f3
{[%clk 1:18:26]} Bd7 {[%clk 0:57:18]} 15. g4 {[%clk 1:12:32]} a4 {[%clk 0:48:35]}
16. bxa4 {[%clk 1:03:37]} Bxa4 {[%clk 0:44:34]} 17. h4 {[%clk 1:03:19]} b5
{[%clk 0:41:16]} 18. b3 {[%clk 0:57:03]} c5 {[%clk 0:36:57]} 19. bxa4
{[%clk 0:55:46]} bxa4 {[%clk 0:31:39]} 20. g5 {[%clk 0:54:01]} Nh7
{[%clk 0:26:21]} 21. gxh6 {[%clk 0:51:50]} a3 {[%clk 0:25:31]} 22. Bc4
{[%clk 0:46:19]} Qb6 {[%clk 0:23:44]} 23. Ba2 {[%clk 0:46:32]} Rfb8
{[%clk 0:19:26]} 24. Rhg1 {[%clk 0:46:03]} Qb2+ {[%clk 0:18:46]} 25. Kd2
{[%clk 0:46:27]} Rb4 {[%clk 0:18:08]} 26. Rxg7+ {[%clk 0:44:02]} Kh8
{[%clk 0:18:19]} 27. Rxf7 {[%clk 0:27:35]} Rd4+ {[%clk 0:08:59]} 28. Ke1
{[%clk 0:26:28]} Rxd1+ {[%clk 0:07:21]} 29. Kxd1 {[%clk 0:26:47]} Qa1+
{[%clk 0:06:37]} 30. Nb1 {[%clk 0:23:04]} Qd4+ {[%clk 0:04:33]} 31. Qxd4+
{[%clk 0:23:25]} cxd4 {[%clk 0:04:59]} 32. Rd7 {[%clk 0:22:56]} Rb8
{[%clk 0:03:40]} 33. Rxd6 {[%clk 0:22:02]} 1-0

[Event "MP do lat 16 - dziewczeta"]
[Site "Sypniewo"]
[Date "2022.03.25"]
[Round "7.15"]
[White "Skolska, Emilia"]
[Black "Pudelko, Magdalena"]
[Result "1-0"]
[BlackElo "1407"]
[WhiteElo "1362"]
[LiveChessVersion "1.4.8"]

1. e4 {[%clk 1:30:57]} e6 {[%clk 1:30:59]} 2. d3 {[%clk 1:31:17]} d5
{[%clk 1:31:18]} 3. Nd2 {[%clk 1:31:37]} c5 {[%clk 1:31:34]} 4. g3
{[%clk 1:31:50]} b6 {[%clk 1:31:30]} 5. Bg2 {[%clk 1:31:36]} Bb7 {[%clk 1:31:49]}
6. f4 {[%clk 1:31:27]} Nf6 {[%clk 1:30:39]} 7. e5 {[%clk 1:29:24]} Nfd7
{[%clk 1:30:49]} 8. Ngf3 {[%clk 1:28:36]} Nc6 {[%clk 1:29:44]} 9. c3
{[%clk 1:24:57]} Qc7 {[%clk 1:22:12]} 10. O-O {[%clk 1:23:27]} Be7
{[%clk 1:20:56]} 11. d4 {[%clk 1:21:26]} h5 {[%clk 1:08:27]} 12. h3
{[%clk 1:16:10]} O-O-O {[%clk 0:57:19]} 13. b3 {[%clk 1:05:32]} f6
{[%clk 0:53:06]} 14. Bb2 {[%clk 1:02:57]} f5 {[%clk 0:50:52]} 15. h4
{[%clk 0:57:15]} Rdf8 {[%clk 0:45:37]} 16. a3 {[%clk 0:47:02]} Nd8
{[%clk 0:41:59]} 17. c4 {[%clk 0:45:57]} Kb8 {[%clk 0:41:02]} 18. Rc1
{[%clk 0:45:22]} Nf7 {[%clk 0:35:51]} 19. b4 {[%clk 0:41:13]} Rc8
{[%clk 0:30:09]} 20. Ne1 {[%clk 0:35:46]} Nh6 {[%clk 0:28:57]} 21. Qb3
{[%clk 0:27:08]} Ng4 {[%clk 0:22:39]} 22. cxd5 {[%clk 0:24:48]} exd5
{[%clk 0:20:22]} 23. Bxd5 {[%clk 0:23:55]} Bxd5 {[%clk 0:15:13]} 24. Qxd5
{[%clk 0:24:19]} Ne3 {[%clk 0:15:38]} 25. Qe6 {[%clk 0:21:37]} Nxf1
{[%clk 0:15:47]} 26. Nxf1 {[%clk 0:21:57]} Rce8 {[%clk 0:08:01]} 27. Qxf5
{[%clk 0:21:32]} Qb7 {[%clk 0:07:45]} 28. bxc5 {[%clk 0:16:04]} bxc5
{[%clk 0:08:06]} 29. Rb1 {[%clk 0:12:57]} Nb6 {[%clk 0:07:15]} 30. Ne3
{[%clk 0:10:00]} cxd4 {[%clk 0:03:44]} 31. Bxd4 {[%clk 0:10:26]} Bxa3
{[%clk 0:04:10]} 32. Nc4 {[%clk 0:09:40]} Qd5 {[%clk 0:02:34]} 33. Bxb6
{[%clk 0:07:44]} axb6 {[%clk 0:02:55]} 34. Nxa3 {[%clk 0:05:48]} Qc5+
{[%clk 0:02:37]} 35. Kh2 {[%clk 0:05:09]} Qxa3 {[%clk 0:02:42]} 36. Rxb6+
{[%clk 0:05:30]} Ka7 {[%clk 0:02:35]} 37. Rd6 {[%clk 0:04:23]} Rb8
{[%clk 0:00:35]} 38. Rd7+ {[%clk 0:03:44]} Ka6 {[%clk 0:00:50]} 39. Qe6+
{[%clk 0:03:57]} Rb6 {[%clk 0:00:54]} 40. Qc4+ {[%clk 0:34:20]} Rb5
{[%clk 0:31:12]} 41. Rd6+ {[%clk 0:32:15]} Ka5 {[%clk 0:31:31]} 42. Qc7+
{[%clk 0:32:20]} Ka4 {[%clk 0:31:04]} 43. Ra6+ {[%clk 0:31:37]} Kb3
{[%clk 0:31:25]} 44. Qc2+ {[%clk 0:31:48]} Kb4 {[%clk 0:31:45]} 45. Nd3+ Qxd3 46.
Ra4# 1-0

[Event "MP do lat 16 - dziewczeta"]
[Site "Sypniewo"]
[Date "2022.03.25"]
[Round "7.16"]
[White "Niedorys, Karolina"]
[Black "Gaczol, Julia"]
[Result "0-1"]
[BlackElo "1462"]
[WhiteElo "1583"]
[LiveChessVersion "1.4.8"]

1. e4 {[%clk 1:30:58]} c5 {[%clk 1:30:55]} 2. Nf3 {[%clk 1:31:24]} e6
{[%clk 1:31:19]} 3. d4 {[%clk 1:31:50]} cxd4 {[%clk 1:31:44]} 4. Nxd4
{[%clk 1:32:18]} a6 {[%clk 1:32:08]} 5. Nc3 {[%clk 1:32:25]} Qc7 {[%clk 1:31:21]}
6. Be3 {[%clk 1:32:12]} Nf6 {[%clk 1:31:36]} 7. f3 {[%clk 1:32:27]} Bb4
{[%clk 1:31:47]} 8. Qd2 {[%clk 1:32:16]} d5 {[%clk 1:27:21]} 9. exd5
{[%clk 1:27:35]} Nxd5 {[%clk 1:27:32]} 10. Nde2 {[%clk 1:27:45]} Nxe3
{[%clk 1:26:16]} 11. Qxe3 {[%clk 1:28:09]} Nc6 {[%clk 1:20:47]} 12. O-O-O
{[%clk 1:27:25]} O-O {[%clk 1:19:24]} 13. Ne4 {[%clk 1:21:49]} b5
{[%clk 1:17:53]} 14. N2g3 {[%clk 0:59:13]} f5 {[%clk 1:13:06]} 15. Ng5
{[%clk 0:57:04]} Qe7 {[%clk 1:05:30]} 16. f4 {[%clk 0:43:44]} Bc5
{[%clk 0:52:59]} 17. Qe1 {[%clk 0:36:43]} e5 {[%clk 0:46:50]} 18. Nh3
{[%clk 0:35:01]} e4 {[%clk 0:34:38]} 19. Be2 {[%clk 0:24:33]} Be6
{[%clk 0:33:30]} 20. Kb1 {[%clk 0:21:45]} Nb4 {[%clk 0:30:17]} 21. b3
{[%clk 0:19:43]} Qc7 {[%clk 0:19:48]} 22. c3 {[%clk 0:18:01]} Nd5
{[%clk 0:12:04]} 23. Nxf5 {[%clk 0:14:08]} Ba3 {[%clk 0:07:35]} 24. Kc2
{[%clk 0:07:21]} Rac8 {[%clk 0:06:10]} 25. Rxd5 {[%clk 0:06:02]} Bxd5
{[%clk 0:06:06]} 26. Ne3 {[%clk 0:04:54]} Bb7 {[%clk 0:05:44]} 27. c4
{[%clk 0:04:55]} Qb6 {[%clk 0:04:05]} 28. Qc3 {[%clk 0:01:50]} b4
{[%clk 0:04:01]} 29. Qd2 {[%clk 0:01:39]} Rfd8 {[%clk 0:04:22]} 30. Qe1
{[%clk 0:01:21]} Qxe3 {[%clk 0:04:26]} 31. c5 {[%clk 0:01:28]} Rxc5+
{[%clk 0:04:12]} 32. Bc4+ {[%clk 0:01:41]} Rxc4+ {[%clk 0:04:40]} 33. bxc4
{[%clk 0:02:06]} Qd3# {[%clk 0:05:03]} 0-1

[Event "MP do lat 16 - dziewczeta"]
[Site "Sypniewo"]
[Date "2022.03.25"]
[Round "7.17"]
[White "Gornisiewicz, Natalia"]
[Black "Idzior, Izabela"]
[Result "1-0"]
[BlackElo "1369"]
[WhiteElo "1485"]
[LiveChessVersion "1.4.8"]

1. Nf3 {[%clk 1:30:44]} e6 {[%clk 1:30:43]} 2. c4 {[%clk 1:30:53]} d5
{[%clk 1:30:53]} 3. g3 {[%clk 1:29:22]} Nf6 {[%clk 1:29:44]} 4. b3
{[%clk 1:27:52]} Be7 {[%clk 1:29:40]} 5. Bg2 {[%clk 1:27:32]} b6 {[%clk 1:28:53]}
6. Bb2 {[%clk 1:26:22]} Bb7 {[%clk 1:29:09]} 7. O-O {[%clk 1:26:12]} c5
{[%clk 1:29:09]} 8. d4 {[%clk 1:23:03]} O-O {[%clk 1:27:58]} 9. e3
{[%clk 1:22:32]} Nc6 {[%clk 1:27:52]} 10. Nc3 {[%clk 1:19:56]} Rc8
{[%clk 1:21:26]} 11. cxd5 {[%clk 1:17:39]} Nxd5 {[%clk 1:17:40]} 12. Nxd5
{[%clk 1:16:49]} exd5 {[%clk 1:16:23]} 13. Qd2 {[%clk 1:07:26]} c4
{[%clk 1:11:45]} 14. bxc4 {[%clk 1:06:02]} dxc4 {[%clk 1:11:35]} 15. Bc3
{[%clk 1:02:41]} a5 {[%clk 1:05:20]} 16. Ne1 {[%clk 0:55:44]} Ba6
{[%clk 1:01:44]} 17. a3 {[%clk 0:51:10]} Na7 {[%clk 0:54:28]} 18. Nc2
{[%clk 0:47:23]} Qd7 {[%clk 0:51:38]} 19. Rfb1 {[%clk 0:44:28]} Bb5
{[%clk 0:46:03]} 20. d5 {[%clk 0:36:27]} Bc5 {[%clk 0:37:33]} 21. Nd4
{[%clk 0:32:38]} Ba4 {[%clk 0:36:14]} 22. e4 Rc7 {[%clk 0:25:31]} 23. Nf5
{[%clk 0:24:08]} f6 {[%clk 0:25:16]} 24. d6 {[%clk 0:22:43]} Rc6 {[%clk 0:16:19]}
25. Ne7+ {[%clk 0:21:51]} Kh8 {[%clk 0:16:36]} 26. Nxc6 {[%clk 0:21:29]} Qxc6
{[%clk 0:16:43]} 27. e5 {[%clk 0:21:03]} Qd7 {[%clk 0:16:47]} 28. exf6
{[%clk 0:19:32]} gxf6 {[%clk 0:16:36]} 29. Qf4 {[%clk 0:13:09]} 1-0

[Event "MP do lat 16 - dziewczeta"]
[Site "Sypniewo"]
[Date "2022.03.25"]
[Round "7.18"]
[White "Kicinska, Magdalena"]
[Black "Romejko, Jagoda"]
[Result "0-1"]
[BlackElo "1361"]
[WhiteElo "1436"]
[LiveChessVersion "1.4.8"]

1. d4 {[%clk 1:30:59]} d5 {[%clk 1:30:56]} 2. Nf3 {[%clk 1:31:22]} c5
{[%clk 1:31:22]} 3. c3 {[%clk 1:31:17]} Nf6 {[%clk 1:31:47]} 4. Bg5
{[%clk 1:31:27]} Nc6 {[%clk 1:31:30]} 5. e3 {[%clk 1:31:45]} Qb6 {[%clk 1:29:27]}
6. Qc1 {[%clk 1:30:29]} Bf5 {[%clk 1:28:15]} 7. Nbd2 {[%clk 1:30:26]} Ne4
{[%clk 1:24:29]} 8. Nxe4 {[%clk 1:28:23]} Bxe4 {[%clk 1:24:51]} 9. Qd2
{[%clk 1:24:36]} e6 {[%clk 1:23:12]} 10. Be2 {[%clk 1:23:40]} Be7
{[%clk 1:22:45]} 11. Bxe7 {[%clk 1:21:02]} Nxe7 {[%clk 1:22:42]} 12. Ne5
{[%clk 1:20:07]} Ng6 {[%clk 1:15:32]} 13. O-O {[%clk 1:18:44]} f6
{[%clk 1:07:57]} 14. f3 {[%clk 1:16:24]} Bf5 {[%clk 0:55:23]} 15. g4
{[%clk 1:15:01]} fxe5 {[%clk 0:44:45]} 16. gxf5 {[%clk 1:15:18]} exf5
{[%clk 0:44:53]} 17. dxe5 {[%clk 1:15:23]} Rd8 {[%clk 0:45:10]} 18. f4
{[%clk 1:13:47]} O-O {[%clk 0:42:40]} 19. Rf2 {[%clk 1:09:14]} d4
{[%clk 0:41:18]} 20. Bc4+ {[%clk 1:09:24]} Kh8 {[%clk 0:41:42]} 21. Qe2
{[%clk 1:08:48]} Qc6 {[%clk 0:40:30]} 22. Rg2 {[%clk 1:05:03]} dxe3
{[%clk 0:37:40]} 23. Qxe3 {[%clk 1:04:27]} Qe4 {[%clk 0:37:01]} 24. Qxe4
{[%clk 0:57:27]} fxe4 {[%clk 0:37:29]} 25. Rf1 {[%clk 0:48:45]} Nxf4
{[%clk 0:36:38]} 26. Rg4 {[%clk 0:48:38]} Ng6 {[%clk 0:30:40]} 27. Rxf8+
{[%clk 0:48:16]} Nxf8 {[%clk 0:29:40]} 28. Rxe4 {[%clk 0:48:17]} Re8
{[%clk 0:28:52]} 29. e6 {[%clk 0:45:59]} Re7 {[%clk 0:25:40]} 30. Rf4
{[%clk 0:32:52]} Kg8 {[%clk 0:18:07]} 31. Rf7 {[%clk 0:30:34]} Ng6
{[%clk 0:17:54]} 32. Rxe7 {[%clk 0:28:55]} Nxe7 {[%clk 0:18:14]} 33. Kf2
{[%clk 0:27:51]} g6 {[%clk 0:16:37]} 34. Kf3 {[%clk 0:25:28]} Kg7
{[%clk 0:16:53]} 35. Ke4 {[%clk 0:17:45]} Kf6 {[%clk 0:15:54]} 36. b4
{[%clk 0:17:48]} cxb4 {[%clk 0:15:04]} 37. cxb4 {[%clk 0:18:10]} Nf5
{[%clk 0:13:17]} 38. a4 {[%clk 0:16:12]} Nd6+ {[%clk 0:13:08]} 39. Kd5
{[%clk 0:16:31]} Nxc4 {[%clk 0:13:25]} 40. Kxc4 {[%clk 0:46:57]} Kxe6
{[%clk 0:43:50]} 41. Kc5 {[%clk 0:46:52]} g5 {[%clk 0:39:25]} 42. a5
{[%clk 0:46:52]} Kd7 {[%clk 0:37:07]} 43. Kd5 {[%clk 0:45:33]} g4
{[%clk 0:34:00]} 44. Ke5 {[%clk 0:45:53]} Kc6 {[%clk 0:34:08]} 45. Kf5
{[%clk 0:46:15]} Kb5 {[%clk 0:34:29]} 46. Kxg4 {[%clk 0:46:35]} Kxb4
{[%clk 0:34:46]} 47. Kh5 {[%clk 0:47:00]} Kxa5 {[%clk 0:35:11]} 48. Kh6
{[%clk 0:47:12]} b5 {[%clk 0:35:27]} 49. Kxh7 {[%clk 0:47:33]} b4
{[%clk 0:35:54]} 50. h4 {[%clk 0:48:00]} b3 {[%clk 0:36:20]} 0-1

[Event "MP do lat 16 - dziewczeta"]
[Site "Sypniewo"]
[Date "2022.03.25"]
[Round "7.19"]
[White "Labedz, Gabriela"]
[Black "Pieczewska, Jadwiga"]
[Result "0-1"]
[BlackElo "1234"]
[WhiteElo "1404"]
[LiveChessVersion "1.4.8"]

1. e4 {[%clk 1:30:57]} e6 {[%clk 1:30:57]} 2. Qe2 {[%clk 1:31:10]} Ne7
{[%clk 1:30:06]} 3. d4 {[%clk 1:25:30]} d5 {[%clk 1:27:13]} 4. exd5
{[%clk 1:21:21]} Nxd5 {[%clk 1:27:20]} 5. c4 {[%clk 1:19:16]} Nf6
{[%clk 1:27:11]} 6. Nf3 {[%clk 1:15:53]} Be7 {[%clk 1:25:18]} 7. g3
{[%clk 1:10:40]} O-O {[%clk 1:22:19]} 8. Bg2 {[%clk 1:06:34]} Bd7
{[%clk 1:20:35]} 9. O-O {[%clk 1:04:19]} c5 {[%clk 1:14:46]} 10. Nc3
{[%clk 1:00:30]} Bc6 {[%clk 1:10:42]} 11. Rd1 {[%clk 0:55:11]} Qc7
{[%clk 0:59:57]} 12. b3 {[%clk 0:47:14]} Rd8 {[%clk 0:58:03]} 13. Bb2
{[%clk 0:42:20]} cxd4 {[%clk 0:56:13]} 14. Nxd4 {[%clk 0:39:14]} Bxg2
{[%clk 0:56:18]} 15. Kxg2 {[%clk 0:38:44]} Nc6 {[%clk 0:56:32]} 16. Ndb5
{[%clk 0:31:20]} Qc8 {[%clk 0:45:23]} 17. Ne4 {[%clk 0:26:33]} Nxe4
{[%clk 0:37:18]} 18. Qxe4 {[%clk 0:24:52]} a6 {[%clk 0:36:33]} 19. Nc3
{[%clk 0:22:42]} Bf6 {[%clk 0:34:54]} 20. h4 {[%clk 0:14:26]} Qc7
{[%clk 0:32:13]} 21. g4 {[%clk 0:09:46]} Bxh4 {[%clk 0:23:32]} 22. Ne2
{[%clk 0:06:28]} h6 {[%clk 0:22:22]} 23. Rh1 {[%clk 0:06:07]} Bg5
{[%clk 0:21:54]} 24. f4 {[%clk 0:05:15]} Bxf4 {[%clk 0:19:48]} 25. Bxg7
{[%clk 0:04:18]} Kxg7 {[%clk 0:19:41]} 26. Nxf4 {[%clk 0:04:20]} Rd4
{[%clk 0:18:20]} 27. Nh5+ {[%clk 0:03:23]} Kf8 {[%clk 0:15:17]} 28. Qh7
{[%clk 0:01:31]} Rxg4+ {[%clk 0:11:38]} 29. Kf2 {[%clk 0:01:22]} Qe5
{[%clk 0:09:56]} 30. Qxh6+ {[%clk 0:01:03]} Ke7 {[%clk 0:10:16]} 31. Rae1
{[%clk 0:00:55]} Qf5+ {[%clk 0:09:57]} 32. Ke3 {[%clk 0:00:41]} Re4+
{[%clk 0:09:53]} 33. Kd2 {[%clk 0:00:56]} Qf2+ {[%clk 0:09:04]} 34. Kc3
{[%clk 0:00:34]} Qd4+ {[%clk 0:06:46]} 35. Kc2 {[%clk 0:00:56]} Nb4+
{[%clk 0:07:11]} 0-1